000 00327 a2200157 4500
001 71012
020 _a9788538039365
040 _cAnchieta - Itaigara
100 _aReasoner, Charles
240 1 0 _aNo Oceano
_lpor
245 1 0 _aNo Oceano
300 _a10p.
362 0 _a2012
650 4 _aLiteratura infantil
942 _cBK
999 _c71012
_d71012